000 00502nam a2200193Ia 4500
005 20240823062306.0
008 240823s9999||||xx |||||||||||||| ||und||
020 _a978-93-80241-59-3
041 _aENGLISH
082 _A511.3 Q5
100 _aMoorthy M B K et al.
245 0 _aTransforms and partial Differential Equations
250 _a1st
260 _c2015
_bVRB Publishers Pv
_aChennai
500 _aYES
650 _aDifferential Eduations
_bMathematics
942 _cBK
999 _c235533
_d235533